000 00639nam a2200205 a 4500
005 20240315063645.0
008 010920s1999 es r 000 0 spa d
020 _a8476353855
035 _aUPN01000111798
049 _aCG
050 4 _aP99.5
_bC4.7
100 1 _aCestero Mancera, Ana María
245 1 0 _aRepertorio básico de signos no verbales del español /
_cAna Ma. Cestero Mancera.
260 _aMadrid :
_bArco/Libros,
_c1999.
300 _a154 p. :
_bil.
440 0 _aEspañol L/E.
_pMateriales complementarios
650 4 _aComunicación no verbal
_95510
650 4 _aEspañol
_xEstudio y enseñanza
_97357
905 _aLibro
999 _c85706
_d85706